| 000 | 00540nam a2200205Ia 4500 | ||
|---|---|---|---|
| 003 | OSt | ||
| 005 | 20230420134913.0 | ||
| 008 | 210423s2011 xx 000 0 und d | ||
| 020 | _a9788129104595 | ||
| 040 | _cAL | ||
| 041 | _aeng | ||
| 082 | _a823 BHAC | ||
| 100 |
_aBHAGAT (Chetan). _991048 |
||
| 245 | _aFive point someone: what not to do at IIT. | ||
| 260 |
_aNew Delhi _bRupa and Company _c2011 |
||
| 300 |
_a267 _bPB |
||
| 365 |
_b95 _cINR |
||
| 906 | _aat ; do ; Five ; IIT. ; not ; point ; someone: ; what | ||
| 942 |
_2ddc _cBK |
||
| 999 |
_c160317 _d160317 |
||